000
00243nam a2200097Ia 4500
008
220204s9999 xx 000 0 und d
082
_a
058(548.3)
_b
KOT
245
0
_a
Kottayam district directory.1963
260
_a
Alwaye
_b
Star
_c
1963
942
_c
BK
999
_c
22144
_d
22144